| Tag |
First Indicator |
Second Indicator |
Subfields |
| LEADER |
00000nam a2200000Ia 4500 |
| 001 |
in00004327821 |
| 005 |
20200812085721.0 |
| 006 |
m g d |
| 007 |
cr bn |||a|bb| |
| 008 |
000929s1642 enk o 000 0 eng d |
| 035 |
|
|
|a (OCoLC)45097517
|
| 040 |
|
|
|a EAE
|c EAE
|e dcrb
|
| 037 |
|
|
|a CL0037000108
|b ProQuest Information and Learning. 300 N. Zeeb Rd., Ann Arbor, MI 48106
|
| 043 |
|
|
|a e-uk---
|
| 090 |
|
|
|a JC385
|b .B32 1642a
|
| 049 |
|
|
|a UMIA
|
| 100 |
1 |
|
|a Bacon, Francis,
|d 1561-1626.
|
| 245 |
1 |
3 |
|a An essay of a king, :
|b with an explanation what manner of persons those should be that are to execute the power or ordinance of the kings prerogative. /
|c Written by the Right Honorable Francis, Lord Verulam Viscount Saint Alban.
|
| 260 |
|
|
|a London, :
|b Printed for Richard Best,
|c 1642.
|
| 300 |
|
|
|a 1 online resource (8 pages)
|
| 336 |
|
|
|a text
|b txt
|2 rdacontent
|
| 337 |
|
|
|a computer
|b c
|2 rdamedia
|
| 338 |
|
|
|a online resource
|b cr
|2 rdacarrier
|
| 500 |
|
|
|a Reproduction of original in the Bodleian Library.
|
| 510 |
4 |
|
|a Wing (2nd edition)
|c B282A
|
| 533 |
|
|
|a Electronic reproduction.
|b Ann Arbor, Mich. :
|c UMI,
|d 1999-
|f (Early English books online)
|n Digital version of: (Early English books, 1641-1700 ; 2560:5)
|7 s1999 miun s
|
| 650 |
|
0 |
|a Political science
|v Early works to 1800.
|
| 650 |
|
0 |
|a Kings and rulers
|x Duties.
|
| 830 |
|
0 |
|a Early English books online.
|
| 856 |
4 |
0 |
|u http://proxy.library.tamu.edu/login?url=https://search.proquest.com/docview/2248564569
|z Connect to the full text of this electronic book
|t 0
|
| 999 |
f |
f |
|s 56b780b7-3307-31f2-bd2c-384183618b96
|i 7902b6c8-3486-3599-9e57-0116495c065c
|t 0
|
| 952 |
f |
f |
|a Texas A&M University
|b College Station
|c Electronic Resources
|d Available Online
|t 0
|e JC385 .B32 1642a
|h Library of Congress classification
|
| 998 |
f |
f |
|a JC385 .B32 1642a
|t 0
|l Available Online
|